000 00769nam a2200205Ii 4500
003 JO-AjNU
008 230605s9999||||xx |||||||||||||| ||und||
017 _a1992/2/76
040 _aJO-AjNU
_bara
_erda
_cJO-AjNU
041 _aara
050 1 4 _aHB171.S2588.1992
100 3 _aالسمان،محمد مروان/محمد ظافر محبك/احمد زهير شامية,
_eauthor
_97342
245 0 0 _aمبادىء التحليل الاقتصادي :الكلي والجزئي
264 3 1 _aعمان:مكتبة دار الثقافة للنشر والتوزيع،1992
300 _a288ص
336 _atext
_btxt
_2rdacontent
337 _aunmediated
_bn
_2rdamedia
338 _avolume
_bnc
_2rdacarrier
650 4 _aالاقتصاد-التحليل الاقتصادي
_97343
999 _aA231
_c3799
_d3799